Osud človeka

Bibliographic Details
Main Author: Šolochov, Michail Aleksandrovič, 1905-1984 (Author)
Other Authors: Marušiak, Ondrej, 1926-2008 (Translator), Bombová, Viera, 1932- (Illustrator)
Format: Book
Language:Slovak
Russian
PhysicalDescription:47 strán ilustrácie 21 cm
Published: Bratislava Mladé letá 1982
Edition:1. vyd.
Series:Klub mladých čitateľov
Subjects:

MARC

LEADER 00000cam a2200000 a 4500
001 vtls001098170
003 SK-MaSNL
005 20260301180735.0
008 240226s1982 xo a cr 000 j slo
015 |a SNBA1982/05 
020 |q (viazané) 
035 |a SNK000041012 
035 |a CE478CF7-BB98-42D5-AB41-1A57F0E894D3 
035 |a urn:nbn:sk:snk-am00iega 
040 |a SNK  |b slo  |c SNK  |e AACR2 
041 1 |a slo  |h rus 
044 |a xo  |c SK 
072 7 |a 821.161.1  |x Ruská literatúra  |2 konspekt 
080 |a 821.161.1-32  |2 2011 
080 |a (0:82-321.6)  |2 2011 
100 1 |a Šolochov, Michail Aleksandrovič,  |d 1905-1984  |4 aut  |9 179321 
240 1 0 |a Po veleniu duši  |l Slovensky 
245 1 0 |a Osud človeka  |c Michail Šolochov; [z ruského originálu Po veleniu duši ... preložil Ondrej Marušiak ; ilustrovala Viera Bombová] 
250 |a 1. vyd. 
260 |a Bratislava  |b Mladé letá  |c 1982 
300 |a 47 strán  |b ilustrácie  |c 21 cm 
490 1 |a Klub mladých čitateľov 
500 |a Mimočítanková literatúra pre žiakov ZŠ 
506 |a 53000 výtl. 
521 1 |a Pre čitateľov od 13 rokov 
655 7 |a ruské novely  |2 SNKPH  |9 70632 
655 7 |a vojnové novely  |2 SNKPH  |9 82339 
700 1 |a Marušiak, Ondrej,  |d 1926-2008  |4 trl  |9 90032 
700 1 |a Bombová, Viera,  |d 1932-  |4 ill  |9 210802 
830 0 |a Klub mladých čitateľov  |9 276979 
852 |a Slovenská národná knižnica 
954 |a beletria cudzojazyčná (svetová)  |2 lita 
958 |a OND 
958 |a LX 
958 |a UP 
958 |a EUIPO 
968 |b RUS 
999 |c 847439  |d 849369 
952 |t    |a SNK  |b SNK  |y VYP  |7 0  |p 17A0493033  |o snkSC 55212 D1  |i snk2005/20640  |8 3  |g 1.66  |z Náhrada za stratený D1  |0 0  |1 0  |4 0  |d 1996-10-23  |l 0  |r 2004-12-31 00:00:00  |w 2026-02-24 
952 |a SNK  |b SNK  |y PREZ  |7 0  |p 17A0826585  |o snkSC 55212  |i snkKSP 3819/82  |0 0  |1 0  |4 0  |d 2012-08-06  |f 1  |l 0  |r 2026-02-24 04:31:27  |w 2026-02-24